000 00869nam a2200217 a 4500
001 000039430
005 20201002031639.0
008 130417s2002 dr ac r 000 0 spa d
040 _aDO-SdBNP
_bspa
_cBNPHU
082 _a150.19
_bS237d
100 1 _aSantos, Domingo de los,
_d1971-
_964984
245 1 0 _aDe la antiguedad a la postmodernidad :
_blas principales ídeas filosóficas y su contextos /
_cDomingo de los Santos.
260 _aSanto Domingo :
_bTecni-Offset,
_c2002.
300 _a297 p. :
_bil., retrs. ;
_c24 cm.
500 _aIncluye datos biografícos del autor en la contracubierta.
500 _aIncluye referencias bibliográficas y notas al pie de las páginas.
504 _aBibliografía : p. 292-297.
590 _aInventariado, 2018/LP
650 4 _aFilosofía
_xEnsayos, conferencias, etc.
_933791
910 _aValidado. Control de calidad. EMS
999 _c38920
_d38920